PREDPOKLADANÁ ŽIVOTNOSŤ KONŠTRUKČNÝCH PRVKOV BYTOVÝCH DOMOV PO ZMENÁCH INTENZITY POUŽÍVANIA

Bibliographic Details
Main Author: Hyben, Ivan, 1941- (Author)
Format: Article
Language:Slovak

MARC

LEADER 00000nab a2200000 a 4500
001 vtls011108959
003 SK-MaSNL
005 20260303150402.0
008 230222|2000 xo |||||||||||||||||slo|
015 |a SNBRB 
035 |a (uuid)2d1c8d54-92cf-4bf1-94c6-3dc4245b5a78 
035 |a (urnnbn)urn:nbn:sk:snk:ar-a08cvr 
035 |a urn:nbn:sk:snk-ab9fr1 
040 |a SNKBUCL  |b slo  |c SNKBUCL  |e AACR2 
041 0 |a slo 
044 |a xo  |c SK 
100 1 |a Hyben, Ivan,  |d 1941-  |4 aut  |9 11150 
245 1 0 |a PREDPOKLADANÁ ŽIVOTNOSŤ KONŠTRUKČNÝCH PRVKOV BYTOVÝCH DOMOV PO ZMENÁCH INTENZITY POUŽÍVANIA  |c Ivan Hyben 
773 0 |t Znalectvo v odboroch Stavebníctvo a Podnikové hospodárstvo  |g Roč. 5, č. 4 (2000), s. 13-16 
954 |a odborná, vedecká literatúra pôvodná (slovenská)  |2 lita 
958 |a OND 
958 |a EUIPO 
958 |a article13 
999 |c 2010216  |d 2012146